00419nam a22000977a 4500008004100000020001800041082001900059245016700078260006600245300001000311230606b xxu||||| |||| 00| 0 eng d a9789966190000 a342.6762bCPST aThe Constitution, Parliament and Governance SystemsbA Manual Of The Centre For Parliamentary Studies And Trainingc Center For Parliamentary Studies And Training aNairobib Centre For Parliamentary Studies And Trainingc2015 a278 p